Loading...
| Science - Physics | 0 | 6 | 1 | 2 | 55 | 82 | 116.17 | 0 | 1 | 0.00 | 0.00 |
| Philosophy | 1 | 4 | 0 | 1 | 55 | 44 | 104.80 | 1 | 3 | 0.00 | 0.00 |
| Science - Chemistry | 0 | 6 | 2 | 2 | 50 | 88 | 115.17 | 0 | 0 | 0.00 | 0.00 |
| Literature - World | 0 | 4 | 1 | 2 | 35 | 128 | 144.00 | 0 | 1 | 0.00 | 0.00 |
| Social Science | 0 | 3 | 0 | 0 | 30 | 106 | 114.33 | 0 | 1 | 0.00 | 0.00 |
| History - European | 1 | 2 | 1 | 0 | 30 | 27 | 78.33 | 1 | 1 | 0.00 | 0.00 |
| Mythology | 1 | 2 | 1 | 0 | 30 | 63 | 99.33 | 0 | 1 | 0.00 | 0.00 |
| Science - Biology | 1 | 3 | 3 | 1 | 30 | 58 | 95.75 | 1 | 1 | 0.00 | 0.00 |
| Pop Culture | 0 | 3 | 0 | 1 | 30 | 83 | 107.67 | 0 | 2 | 0.00 | 0.00 |
| History - Other | 1 | 2 | 1 | 1 | 30 | 65 | 96.33 | 1 | 1 | 0.00 | 0.00 |
| Literature - American | 0 | 3 | 1 | 0 | 25 | 96 | 108.33 | 0 | 3 | 0.00 | 0.00 |
| Literature - European | 0 | 2 | 0 | 0 | 20 | 117 | 125.00 | 0 | 0 | 0.00 | 0.00 |
| Science - Other | 1 | 1 | 1 | 1 | 20 | 37 | 84.50 | 1 | 1 | 0.00 | 0.00 |
| Literature - British | 0 | 2 | 0 | 0 | 20 | 96 | 116.50 | 0 | 2 | 0.00 | 0.00 |
| Fine Arts - Other | 0 | 2 | 0 | 0 | 20 | 93 | 98.00 | 0 | 2 | 0.00 | 0.00 |
| Religion | 0 | 2 | 1 | 0 | 15 | 116 | 117.50 | 0 | 0 | 0.00 | 0.00 |
| Fine Arts - Auditory | 0 | 1 | 0 | 1 | 10 | 156 | 156.00 | 0 | 0 | 0.00 | 0.00 |
| Fine Arts - Visual | 0 | 2 | 2 | 0 | 10 | 86 | 96.50 | 0 | 1 | 0.00 | 0.00 |
| Other Academic | 0 | 1 | 0 | 0 | 10 | 132 | 132.00 | 0 | 0 | 0.00 | 0.00 |
| Religion- Edited | 0 | 1 | 0 | 0 | 10 | 114 | 114.00 | 0 | 0 | 0.00 | 0.00 |
| Social Science- Edited | 0 | 1 | 0 | 0 | 10 | 78 | 78.00 | 0 | 1 | 0.00 | 0.00 |
| History - World | 0 | 1 | 1 | 0 | 5 | 131 | 131.00 | 0 | 0 | 0.00 | 0.00 |
| Mythology- Edited | 0 | 0 | 0 | 0 | 0 | 0.00 | 0 | 0 | 0.00 | 0.00 |